| 000 | 00675aam a2200253 4500 | ||
|---|---|---|---|
| 005 | 20240719181230.0 | ||
| 008 | 150727b2015 xxu||||| |||| 00| 0 spa d | ||
| 020 | _a9789977663418 | ||
| 041 | _aESP | ||
| 082 | _a577.6 C169r | ||
| 100 |
_aCalvo Brenes, Guillermo _99223 |
||
| 245 | _aRíos: fundamentos sobre su calidad y la relación con el entorno socioambiental | ||
| 260 | _aCosta Rica | ||
| 260 | _bEditorial Tecnológica de Costa Rica | ||
| 260 | _c2015 | ||
| 300 | _a236 páginas | ||
| 650 | _aECOLOGÍA | ||
| 650 | _aRÍOS | ||
| 650 | _aHIDROLOGÍA | ||
| 650 | _aMEDIO AMBIENTE | ||
| 650 | _aDESARROLLO SOSTENIBLE | ||
| 942 |
_cBK _2ddc |
||
| 999 |
_c8437 _d8437 |
||